[Event "Copenhagen Chess Challenge 2013"]
[Site "Ballerup"]
[Date "2013.??.??"]
[Round "3"]
[White "Jacobsen, Mads Holger Bang"]
[Black "Lokander, Martin"]
[Result "0-1"]
[WhiteElo "2050"]
[BlackElo "2225"]
[PlyCount "86"]
[EventDate "2013.??.??"]
[EventType "swiss"]
[EventRounds "9"]
[EventCountry "DEN"]

1. c4 g6 2. Nc3 c5 3. g3 Bg7 4. Bg2 Nc6 5. a3 a6 6. Rb1 Rb8 7. b4 cxb4 8. axb4
b5 9. cxb5 axb5 10. Nf3 e5 11. d4 exd4 12. Nd5 Nf6 13. Nxf6+ Qxf6 14. Bf4 d6
15. Ng5 Ne5 16. Qxd4 O-O 17. Rd1 Rd8 18. Qa7 Bb7 19. Bxb7 Qe7 20. Ne4 Rxb7 21.
Qa6 Nc4 22. f3 Rb6 23. Qa2 d5 24. Nc5 Bc3+ 25. Kf2 Bxb4 26. Nd3 Bc3 27. Qb3
Bd4+ 28. Kf1 Be3 29. h4 Bxf4 30. Nxf4 Ne3+ 31. Kf2 Nxd1+ 32. Rxd1 Qc5+ 33. Kg2
d4 34. Ra1 Qc4 35. Qa3 b4 36. Qa7 Rbb8 37. h5 g5 38. Nd3 Qe6 39. Ra5 Qxe2+ 40.
Nf2 h6 41. Qc7 Rbc8 42. Qb6 Qe6 43. Qxb4 d3 0-1

[Event "Copenhagen Chess Challenge 2013"]
[Site "Ballerup"]
[Date "2013.??.??"]
[Round "3"]
[White "Schou Moldt, Thomas"]
[Black "Slettebo, Jan"]
[Result "1-0"]
[WhiteElo "2220"]
[BlackElo "2054"]
[PlyCount "60"]
[EventDate "2013.??.??"]
[EventType "swiss"]
[EventRounds "9"]
[EventCountry "DEN"]

1. e4 e5 2. Nf3 Nc6 3. d4 exd4 4. Nxd4 Nxd4 5. Qxd4 Ne7 6. a3 Nc6 7. Qc3 Qe7 8.
Qe3 Qe5 9. Nc3 Bc5 10. Qf4 Bd6 11. Qg4 O-O 12. Be3 f5 13. exf5 Kh8 14. Bd3 Bc5
15. Qe2 Bxe3 16. Qxe3 d6 17. g4 Bd7 18. Qxe5 Nxe5 19. Be2 Bc6 20. Rg1 Nf3+ 21.
Bxf3 Bxf3 22. Rg3 Rae8+ 23. Kd2 Bc6 24. Re3 d5 25. Ne2 g6 26. Ng3 h5 27. Rxe8
Bxe8 28. gxh5 gxf5 29. f4 Kg7 30. Re1 Bd7 1-0

[Event "Copenhagen Chess Challenge 2013"]
[Site "Ballerup"]
[Date "2013.??.??"]
[Round "3"]
[White "Martins, David Pires Tavares"]
[Black "Ulrich, Thomas"]
[Result "1-0"]
[WhiteElo "2183"]
[BlackElo "2005"]
[PlyCount "99"]
[EventDate "2013.??.??"]
[EventType "swiss"]
[EventRounds "9"]
[EventCountry "DEN"]

1. e4 e6 2. d4 d5 3. Nd2 Be7 4. Bd3 c5 5. dxc5 Nf6 6. Ngf3 a5 7. O-O O-O 8. Re1
Na6 9. e5 Nd7 10. c3 Naxc5 11. Bc2 b5 12. Nd4 Qb6 13. N2f3 f6 14. exf6 Nxf6 15.
Bg5 Ra7 16. Ne5 Rc7 17. Bxf6 Bxf6 18. Ndf3 g6 19. Qd2 Bg7 20. Rac1 Re7 21. Bb1
Ree8 22. h4 Nd7 23. Nxd7 Bxd7 24. h5 Qc7 25. hxg6 h6 26. Re2 Bc6 27. Nd4 Bd7
28. Rce1 Qb6 29. Nf5 exf5 30. Qxd5+ Kh8 31. Qxd7 Rd8 32. Qe6 Rd6 33. Qe3 Qc6
34. Qh3 Qc5 35. Qh5 Rd5 36. Re8 Rd8 37. Rxd8 Rxd8 38. Qxf5 Qxf5 39. Bxf5 b4 40.
cxb4 axb4 41. Re4 Bf8 42. g4 Kg7 43. Re2 Bc5 44. Rc2 Rd5 45. Kg2 Kf6 46. Re2 h5
47. Re6+ Kg7 48. Rc6 Bf8 49. Rc7+ Kh6 50. f4 1-0

[Event "Copenhagen Chess Challenge 2013"]
[Site "Ballerup"]
[Date "2013.??.??"]
[Round "3"]
[White "Vesterli, Michael E"]
[Black "Brekka, Hanus"]
[Result "1/2-1/2"]
[WhiteElo "2015"]
[BlackElo "2092"]
[PlyCount "103"]
[EventDate "2013.??.??"]
[EventType "swiss"]
[EventRounds "9"]
[EventCountry "DEN"]

1. d4 Nf6 2. c4 g6 3. Nc3 d5 4. Nf3 Bg7 5. cxd5 Nxd5 6. e4 Nxc3 7. bxc3 O-O 8.
Be2 c5 9. Rb1 Nc6 10. d5 Ne5 11. Nd2 f5 12. O-O f4 13. c4 Qd6 14. Nf3 b6 15.
Rb3 Bd7 16. Ra3 a6 17. g3 Nxf3+ 18. Bxf3 g5 19. Bg4 Be5 20. Bxd7 Qxd7 21. Qh5
Qd6 22. Qxg5+ Kh8 23. Rb3 Rg8 24. Qxe5+ Qxe5 25. Bb2 Qxb2 26. Rxb2 fxg3 27.
hxg3 b5 28. cxb5 axb5 29. Rxb5 Rxa2 30. Rxc5 Re2 31. Rcc1 Rxe4 32. Rfe1 Rxe1+
33. Rxe1 Rg7 34. Kg2 Kg8 35. f4 Kf7 36. Kf3 Rg6 37. f5 Rf6 38. g4 Ra6 39. Kf4
Ra4+ 40. Re4 Ra5 41. Ke5 Ra1 42. Rc4 Re1+ 43. Kf4 Rf1+ 44. Ke5 Re1+ 45. Kf4
Rf1+ 46. Kg5 Rd1 47. Re4 Rxd5 48. Re6 Rd1 49. Rh6 Kg7 50. Rh3 Rd6 51. Re3 Kf7
52. Rh3 1/2-1/2

[Event "Copenhagen Chess Challenge 2013"]
[Site "Ballerup"]
[Date "2013.??.??"]
[Round "3"]
[White "Karlsson, Ulf"]
[Black "Johansen, Johnny Holler"]
[Result "1/2-1/2"]
[WhiteElo "2004"]
[BlackElo "2016"]
[PlyCount "57"]
[EventDate "2013.??.??"]
[EventType "swiss"]
[EventRounds "9"]
[EventCountry "DEN"]

1. e4 c5 2. Nc3 Nc6 3. Bb5 d6 4. Bxc6+ bxc6 5. f4 g6 6. Nf3 Bg7 7. d3 e6 8. O-O
Ne7 9. Qe1 O-O 10. Bd2 Ba6 11. Rb1 Rb8 12. Qh4 f6 13. g4 Qd7 14. Kh1 f5 15.
exf5 exf5 16. Rfe1 Rbe8 17. Ng5 h6 18. Ne6 Rf6 19. Nxg7 Kxg7 20. g5 hxg5 21.
fxg5 Re6 22. Qh6+ Kg8 23. Rxe6 Qxe6 24. Re1 Qf7 25. Re3 Nd5 26. Rh3 Qg7 27.
Qxg7+ Kxg7 28. Nxd5 cxd5 29. Re3 1/2-1/2

[Event "Copenhagen Chess Challenge 2013"]
[Site "Ballerup"]
[Date "2013.??.??"]
[Round "3"]
[White "Nielsen, Thomas (1975)"]
[Black "Arvola, Benjamin"]
[Result "0-1"]
[WhiteElo "1886"]
[BlackElo "2358"]
[PlyCount "86"]
[EventDate "2013.??.??"]
[EventType "swiss"]
[EventRounds "9"]
[EventCountry "DEN"]

1. d4 Nf6 2. c4 e6 3. Nc3 Bb4 4. Qc2 O-O 5. Nf3 d5 6. a3 Bxc3+ 7. bxc3 c5 8.
cxd5 exd5 9. Bg5 Nbd7 10. e3 Qa5 11. Nd2 Ne4 12. Nxe4 dxe4 13. Bh4 cxd4 14.
exd4 Nb6 15. Be2 Bf5 16. O-O Rac8 17. Rfc1 Qd5 18. Qa2 Qxa2 19. Rxa2 Be6 20.
Rb2 Na4 21. Rbc2 Bb3 22. Rd2 Nxc3 23. Re1 a5 24. Be7 Rfe8 25. Bg4 Rc4 26. Bg5
f6 27. Bf4 Nd5 28. Bd6 Kf7 29. Be2 Rc3 30. Rb2 a4 31. Bb5 Rd8 32. Bg3 Ne7 33.
Rd2 Nf5 34. Bf4 Rxd4 35. g4 Nh4 36. Rxd4 Nf3+ 37. Kh1 Nxd4 38. Bf1 Bd5 39. Bg2
Rxa3 40. Bxe4 Bxe4+ 41. Rxe4 Ne6 42. Bd6 Rd3 43. Bg3 b5 0-1

[Event "Copenhagen Chess Challenge 2013"]
[Site "Ballerup"]
[Date "2013.??.??"]
[Round "3"]
[White "Nielsen, Brian"]
[Black "Andersen, Daniel"]
[Result "1-0"]
[WhiteElo "2022"]
[BlackElo "1935"]
[PlyCount "43"]
[EventDate "2013.??.??"]
[EventType "swiss"]
[EventRounds "9"]
[EventCountry "DEN"]

1. d4 Nf6 2. c4 g6 3. g3 c6 4. Nf3 Bg7 5. Bg2 O-O 6. O-O d5 7. b3 dxc4 8. bxc4
c5 9. Bb2 cxd4 10. Nxd4 Qc7 11. Qb3 a6 12. Nc3 Nc6 13. Nxc6 bxc6 14. Qc2 Be6
15. Na4 Rab8 16. Ba3 Ng4 17. Rab1 Ne5 18. Nc5 Nxc4 19. Nxe6 Nxa3 20. Nxc7 Nxc2
21. Nxa6 Nd4 22. Rxb8 1-0

[Event "Copenhagen Chess Challenge 2013"]
[Site "Ballerup"]
[Date "2013.??.??"]
[Round "3"]
[White "Henriksen, Christian Steen"]
[Black "Hansen, Rasmus Agertoft"]
[Result "0-1"]
[WhiteElo "1814"]
[BlackElo "1981"]
[PlyCount "42"]
[EventDate "2013.??.??"]
[EventType "swiss"]
[EventRounds "9"]
[EventCountry "DEN"]

1. d4 f5 2. e4 fxe4 3. Nc3 Nf6 4. f3 e3 5. Bxe3 d5 6. Bd3 Nc6 7. Bb5 Be6 8.
Nge2 g6 9. Qd2 Bg7 10. Na4 Nd7 11. Qc3 Ndb8 12. Nc5 Bc8 13. O-O a6 14. Ba4 O-O
15. Rfe1 Qd6 16. Qd2 Kh8 17. Rad1 Rf5 18. c3 Na5 19. Bf4 e5 20. Ng3 Rxf4 21.
dxe5 Qxc5+ 0-1

[Event "Copenhagen Chess Challenge 2013"]
[Site "Ballerup"]
[Date "2013.??.??"]
[Round "3"]
[White "Olsen, Michael Richard W"]
[Black "Undheim, Bjarne"]
[Result "1-0"]
[WhiteElo "1977"]
[BlackElo "1836"]
[PlyCount "105"]
[EventDate "2013.??.??"]
[EventType "swiss"]
[EventRounds "9"]
[EventCountry "DEN"]

1. e4 d5 2. exd5 Nf6 3. Nf3 Nxd5 4. Nc3 g6 5. Bc4 Nb6 6. Bb3 Nc6 7. a4 Na5 8.
Ba2 Bg7 9. Qe2 O-O 10. Qb5 Nc6 11. a5 a6 12. Qc5 Nd7 13. Qa3 Nde5 14. Nxe5 Bxe5
15. Nd1 Nd4 16. Bb1 Bf5 17. Ne3 Be4 18. d3 Bc6 19. c3 Nb5 20. Qb4 Bg7 21. O-O
e5 22. Bc2 Qd7 23. Rd1 Rad8 24. Ba4 Qc8 25. Nf1 Qf5 26. Ng3 Qc8 27. Be3 Rfe8
28. Bc5 f5 29. Bb3+ Kh8 30. Bf7 f4 31. Ne4 Rf8 32. Bxf8 Rxf8 33. Qe7 f3 34. Be6
Qa8 35. Ng5 h6 36. Nf7+ Kh7 37. Bb3 fxg2 38. Qh4 Nd6 39. Ng5+ Kh8 40. Ne6 Nf5
41. Qg4 g5 42. Nxf8 Qxf8 43. Re1 Nh4 44. Re3 Nf3+ 45. Rxf3 Bxf3 46. Qe6 h5 47.
Qf7 Qxf7 48. Bxf7 Kh7 49. Re1 h4 50. h3 g4 51. Bh5 Kh6 52. Bxg4 Bxg4 53. hxg4
1-0

[Event "Copenhagen Chess Challenge 2013"]
[Site "Ballerup"]
[Date "2013.??.??"]
[Round "3"]
[White "Karlsson, Robin"]
[Black "Jensen, Jonbert"]
[Result "1-0"]
[WhiteElo "1947"]
[BlackElo "1576"]
[PlyCount "57"]
[EventDate "2013.??.??"]
[EventType "swiss"]
[EventRounds "9"]
[EventCountry "DEN"]

1. d4 Nf6 2. c4 g6 3. Nc3 Bg7 4. e4 d6 5. Nf3 O-O 6. Be2 c5 7. d5 Ng4 8. Nd2
Nf6 9. O-O e6 10. Re1 exd5 11. cxd5 b6 12. Nc4 Ne8 13. a4 Ba6 14. Bf4 Qf6 15.
Bg3 Bxc4 16. Bxc4 Nd7 17. Bb5 Ne5 18. f4 Nc7 19. fxe5 dxe5 20. Bc6 Rad8 21. Qf3
Qe7 22. Nb5 Nxb5 23. axb5 f5 24. exf5 Rxf5 25. Qb3 Kh8 26. Qa4 e4 27. Qxe4 Bd4+
28. Qxd4+ cxd4 29. Rxe7 1-0

[Event "Copenhagen Chess Challenge 2013"]
[Site "Ballerup"]
[Date "2013.??.??"]
[Round "3"]
[White "Tikkanen, Hans"]
[Black "Bekker Jensen, Simon"]
[Result "0-1"]
[WhiteElo "2552"]
[BlackElo "2412"]
[PlyCount "80"]
[EventDate "2013.??.??"]
[EventType "swiss"]
[EventRounds "9"]
[EventCountry "DEN"]

1. d4 Nf6 2. c4 g6 3. Nc3 Bg7 4. e4 d6 5. h3 O-O 6. Be3 Na6 7. Nf3 e5 8. d5 c6
9. a3 Nh5 10. Nd2 Qe8 11. c5 Nxc5 12. Nc4 cxd5 13. Nxd6 Qc6 14. Qxd5 Ne6 15.
Qxc6 bxc6 16. Rc1 Nd4 17. Na4 Nf4 18. f3 Rb8 19. Kf2 Bd7 20. Nc4 Nfe6 21. b4
Rfd8 22. Na5 Bf8 23. Bc4 c5 24. Nxc5 Nxc5 25. bxc5 Rb2+ 26. Kg3 Rc8 27. Bxd4
exd4 28. c6 Be8 29. Bd5 Bd6+ 30. f4 Bc7 31. Nb7 g5 32. e5 Rb5 33. Rc5 Rxc5 34.
Nxc5 Bxc6 35. Bxc6 gxf4+ 36. Kxf4 Bb6 37. Rc1 Rxc6 38. Nb3 Rc3 39. Rxc3 dxc3
40. Ke4 Kf8 0-1

[Event "Copenhagen Chess Challenge 2013"]
[Site "Ballerup"]
[Date "2013.??.??"]
[Round "3"]
[White "Gandrud, Vegar Koi"]
[Black "Georgiev, Vladimir"]
[Result "0-1"]
[WhiteElo "2251"]
[BlackElo "2559"]
[PlyCount "76"]
[EventDate "2013.??.??"]
[EventType "swiss"]
[EventRounds "9"]
[EventCountry "DEN"]

1. d4 Nf6 2. c4 e6 3. Nf3 d5 4. g3 dxc4 5. Bg2 Bd7 6. Ne5 Bc6 7. Nxc6 Nxc6 8.
Qa4 Qd7 9. e3 Nb4 10. Qxd7+ Nxd7 11. Bxb7 Rb8 12. Be4 Nf6 13. a3 Nxe4 14. axb4
Bxb4+ 15. Ke2 a5 16. f3 Nd6 17. Ra2 Ke7 18. Bd2 Rhc8 19. Nc3 c5 20. d5 Bxc3 21.
Bxc3 exd5 22. Rd1 Ke6 23. Rxa5 Rc6 24. Rd2 g6 25. g4 f5 26. gxf5+ gxf5 27. Ra7
Rb7 28. Rxb7 Nxb7 29. f4 Nd6 30. Kf3 Ne4 31. Rg2 d4 32. exd4 Nxc3 33. bxc3 cxd4
34. Rg7 dxc3 35. Ke2 Rd6 36. Rc7 Rd4 37. Ra7 c2 38. Ra1 Rd1 0-1

[Event "Copenhagen Chess Challenge 2013"]
[Site "Ballerup"]
[Date "2013.??.??"]
[Round "3"]
[White "Hansen, Mads"]
[Black "Smith, Axel"]
[Result "1/2-1/2"]
[WhiteElo "2301"]
[BlackElo "2467"]
[PlyCount "65"]
[EventDate "2013.??.??"]
[EventType "swiss"]
[EventRounds "9"]
[EventCountry "DEN"]

1. c4 e5 2. g3 c6 3. d4 e4 4. Nc3 d5 5. Bg2 Bb4 6. Qb3 Ba5 7. cxd5 cxd5 8. e3
Nf6 9. Nge2 O-O 10. O-O Nc6 11. f3 exf3 12. Bxf3 Bxc3 13. Nxc3 Na5 14. Qc2 Bh3
15. Bg2 Bxg2 16. Qxg2 Rc8 17. Bd2 Nc4 18. Rf5 g6 19. Rf4 Nxd2 20. Qxd2 Nh5 21.
Rf3 f5 22. Qd1 Qd7 23. Qb3 Nf6 24. g4 Nxg4 25. Nxd5 Kh8 26. Raf1 Qe6 27. h3 Nh6
28. Qxb7 Rb8 29. Nf4 Qxa2 30. Qc7 Qf7 31. Qxf7 Nxf7 32. Ra1 Rxb2 33. Rxa7
1/2-1/2

[Event "Copenhagen Chess Challenge 2013"]
[Site "Ballerup"]
[Date "2013.??.??"]
[Round "3"]
[White "Nilsen, Joachim Birger"]
[Black "Aabling Thomsen, Jakob"]
[Result "1-0"]
[WhiteElo "2229"]
[BlackElo "2320"]
[PlyCount "115"]
[EventDate "2013.??.??"]
[EventType "swiss"]
[EventRounds "9"]
[EventCountry "DEN"]

1. Nf3 Nf6 2. c4 g6 3. Nc3 c6 4. d4 d5 5. cxd5 cxd5 6. Bf4 Nc6 7. e3 Bg7 8. Bb5
O-O 9. O-O Nh5 10. Bg3 Nxg3 11. hxg3 Bg4 12. Qb3 Bxf3 13. gxf3 e5 14. dxe5 Nxe5
15. Be2 d4 16. exd4 Qxd4 17. f4 Nc6 18. Qxb7 Nb4 19. Rad1 Qc5 20. Ne4 Qb6 21.
Qxb6 axb6 22. a3 Nc6 23. Rd6 Nd4 24. Bd1 b5 25. Nf6+ Kh8 26. Rxd4 Bxf6 27. Rb4
Rfd8 28. Bf3 Rac8 29. Rxb5 Rd2 30. a4 Bxb2 31. a5 Bd4 32. a6 Rc3 33. Kg2 Ra3
34. Bb7 Raa2 35. Rd5 Kg7 36. g4 h5 37. gxh5 gxh5 38. Kf3 h4 39. Kg4 Rxf2 40.
Rxf2 Bxf2 41. Rd7 Ra3 42. Rd2 Bg3 43. Rd1 Ra4 44. Rf1 Kg6 45. Bc8 Kf6 46. Bb7
Kg6 47. Bc8 Ra5 48. Rd1 Kg7 49. Rd4 Ra3 50. Rc4 Be1 51. Rc1 Bf2 52. Rc2 Bg3 53.
Rc4 Kf8 54. Bb7 Ke7 55. Rc7+ Ke6 56. a7 f5+ 57. Kh5 Bxf4 58. Rc6+ 1-0

[Event "Copenhagen Chess Challenge 2013"]
[Site "Ballerup"]
[Date "2013.??.??"]
[Round "3"]
[White "Petersen, Peter Birk"]
[Black "Haub, Thorsten Michael"]
[Result "1/2-1/2"]
[WhiteElo "2167"]
[BlackElo "2458"]
[PlyCount "118"]
[EventDate "2013.??.??"]
[EventType "swiss"]
[EventRounds "9"]
[EventCountry "DEN"]

1. e4 g6 2. d4 Bg7 3. Nf3 d6 4. Be2 Nd7 5. O-O e6 6. Nc3 a6 7. a4 b6 8. Re1 Ne7
9. Be3 h6 10. Qd2 Kf8 11. Bd3 Kg8 12. Ne2 Kh7 13. h3 c5 14. c3 Qc7 15. Nh2 f5
16. exf5 exf5 17. Nf4 Nf6 18. f3 c4 19. Bc2 Ned5 20. Nf1 Bd7 21. g4 Qc6 22. Qg2
Nxf4 23. Bxf4 Nd5 24. Bd2 Rhf8 25. Ng3 Kh8 26. Re2 b5 27. Kh2 f4 28. Nf1 g5 29.
h4 gxh4 30. g5 h3 31. Qg1 Bf5 32. gxh6 Bxh6 33. Bxf5 Rxf5 34. Re6 Rf6 35. Rxf6
Nxf6 36. Qg6 Bg7 37. Bxf4 Qxf3 38. Qg3 Ng4+ 39. Kg1 Qxg3+ 40. Bxg3 Re8 41. axb5
axb5 42. Ra5 Rb8 43. Bxd6 Rb6 44. Bg3 Kh7 45. d5 Rg6 46. d6 Ne3 47. d7 Bf6 48.
Ra6 Nxf1 49. Rxf6 Rxg3+ 50. Kh1 Rd3 51. Rxf1 Kg6 52. Kh2 Rxd7 53. Kxh3 Rd2 54.
Kg4 Rxb2 55. Kf4 Rb3 56. Rc1 Kf6 57. Ke4 Ke6 58. Kd4 Kd6 59. Rh1 b4 1/2-1/2

[Event "Copenhagen Chess Challenge 2013"]
[Site "Ballerup"]
[Date "2013.??.??"]
[Round "3"]
[White "Villegas, Pierre"]
[Black "Mihajlov, Sebastian"]
[Result "1/2-1/2"]
[WhiteElo "2281"]
[BlackElo "2063"]
[PlyCount "84"]
[EventDate "2013.??.??"]
[EventType "swiss"]
[EventRounds "9"]
[EventCountry "DEN"]

1. d4 d5 2. c4 c6 3. Nf3 Nf6 4. Qc2 g6 5. Bf4 Bf5 6. Qb3 Qb6 7. c5 Qxb3 8. axb3
Bg7 9. Nc3 Nbd7 10. h3 O-O 11. b4 h6 12. b5 g5 13. Bh2 Ne4 14. bxc6 bxc6 15.
Ra6 Nb8 16. Ra4 f6 17. e3 e5 18. Be2 Nd7 19. Nd2 exd4 20. exd4 Nxc3 21. bxc3
Rfe8 22. Kf1 Re6 23. g4 Bg6 24. Bf3 Bd3+ 25. Kg2 Nf8 26. c4 Ng6 27. Bg3 Rd8 28.
cxd5 cxd5 29. Rc1 Rc6 30. Rc3 Bb5 31. Rb4 a6 32. Bd1 Ne7 33. Re3 Kf7 34. Bd6
Rcxd6 35. cxd6 Rxd6 36. Nf3 Ng6 37. Rc3 Nf4+ 38. Kh2 Bf8 39. Rc7+ Kg8 40. Rb1
Re6 41. Rc8 Kf7 42. Rc7+ Kg8 1/2-1/2

[Event "Copenhagen Chess Challenge 2013"]
[Site "Ballerup"]
[Date "2013.??.??"]
[Round "3"]
[White "Thybo, Jesper Sondergaard"]
[Black "Lindgren, Philip"]
[Result "0-1"]
[WhiteElo "2091"]
[BlackElo "2260"]
[PlyCount "54"]
[EventDate "2013.??.??"]
[EventType "swiss"]
[EventRounds "9"]
[EventCountry "DEN"]

1. e4 c6 2. d4 d5 3. Nc3 dxe4 4. Nxe4 Nd7 5. Nf3 Ngf6 6. Nxf6+ Nxf6 7. Bc4 Bf5
8. O-O e6 9. Bf4 Be7 10. Ne5 O-O 11. c3 h6 12. Bd3 Bxd3 13. Qxd3 Qb6 14. a4 a5
15. Nc4 Qa6 16. Rfd1 Nd5 17. Bd6 b5 18. axb5 cxb5 19. Na3 Bxd6 20. Nxb5 Nc7 21.
Nxd6 Qxd6 22. c4 a4 23. Qc2 Qc6 24. Rd3 Rfb8 25. Rg3 Ra5 26. d5 Rxd5 27. Qc3
Rg5 0-1

[Event "Copenhagen Chess Challenge 2013"]
[Site "Ballerup"]
[Date "2013.??.??"]
[Round "3"]
[White "Andersen, Troels Baekgaard"]
[Black "Skousen, Nikolai"]
[Result "0-1"]
[WhiteElo "1837"]
[BlackElo "2192"]
[PlyCount "76"]
[EventDate "2013.??.??"]
[EventType "swiss"]
[EventRounds "9"]
[EventCountry "DEN"]

1. d4 Nf6 2. Nf3 g6 3. g3 Bg7 4. Bg2 O-O 5. O-O d6 6. Nbd2 Nbd7 7. e4 e5 8. c3
b6 9. Qc2 a5 10. Rd1 Bb7 11. d5 Nh5 12. Nf1 h6 13. Ne3 Ndf6 14. b3 Bc8 15. a3
Bd7 16. Bb2 Nh7 17. c4 f5 18. exf5 gxf5 19. Nh4 f4 20. Nef5 Qg5 21. Be4 N7f6
22. Ng6 Nxe4 23. Nfe7+ Kf7 24. Nxf8 Rxf8 25. Qxe4 Kxe7 26. b4 Nf6 27. Qg2 f3
28. Qf1 Qh5 29. Kh1 Bh3 30. Qe1 Ng4 31. Kg1 Nxh2 32. Rd4 Ng4 33. Rxg4 Qxg4 34.
Bxe5 Bxe5 35. c5 Bg2 36. cxd6+ cxd6 37. Qc1 Qh3 38. Qxh6 Qxh6 0-1

[Event "Copenhagen Chess Challenge 2013"]
[Site "Ballerup"]
[Date "2013.??.??"]
[Round "3"]
[White "Vyvyan, Philippe"]
[Black "Brondt, Nicolai Kvist"]
[Result "0-1"]
[WhiteElo "1709"]
[BlackElo "2169"]
[PlyCount "94"]
[EventDate "2013.??.??"]
[EventType "swiss"]
[EventRounds "9"]
[EventCountry "DEN"]

1. d4 d5 2. Nf3 Nf6 3. Bf4 c6 4. h3 Qb6 5. Qc1 Bf5 6. e3 e6 7. a3 c5 8. Nbd2
Nc6 9. dxc5 Bxc5 10. b4 Be7 11. Be2 Ne4 12. Nxe4 Bxe4 13. O-O Bf6 14. Bd6 Qd8
15. Bc5 Bxa1 16. Qxa1 Qf6 17. c3 Bxf3 18. Bxf3 b6 19. Bd6 e5 20. b5 Qxd6 21.
bxc6 e4 22. Be2 Qxc6 23. c4 O-O 24. Qa2 dxc4 25. Bxc4 Rac8 26. Bb3 Rcd8 27. a4
Qc3 28. Qb1 Rd2 29. Bd1 Qd3 30. Qa1 f5 31. Qc1 Rd8 32. Bh5 g6 33. Qc6 Qd6 34.
Qc4+ Qd5 35. Be2 Qxc4 36. Bxc4+ Kg7 37. Bb3 Rb2 38. Bc4 Rdd2 39. h4 Rb4 40. Bb5
a6 41. Bc6 Rbb2 42. g3 b5 43. axb5 axb5 44. g4 b4 45. g5 b3 46. Ra1 Ra2 47. Rb1
b2 0-1

[Event "Copenhagen Chess Challenge 2013"]
[Site "Ballerup"]
[Date "2013.??.??"]
[Round "3"]
[White "Molvig, Henrik"]
[Black "Orio, Lars"]
[Result "1/2-1/2"]
[WhiteElo "2178"]
[BlackElo "1936"]
[PlyCount "39"]
[EventDate "2013.??.??"]
[EventType "swiss"]
[EventRounds "9"]
[EventCountry "DEN"]

1. d4 Nf6 2. c4 g6 3. Nc3 d5 4. cxd5 Nxd5 5. e4 Nxc3 6. bxc3 Bg7 7. Bc4 O-O 8.
Ne2 b6 9. O-O Bb7 10. f3 c5 11. Be3 cxd4 12. cxd4 Nc6 13. Rc1 Na5 14. Bd3 Rc8
15. Qd2 Qd7 16. Qb4 e6 17. Bb5 Bc6 18. Ba6 Bb7 19. Bxb7 Qxb7 20. Nf4 1/2-1/2

[Event "Copenhagen Chess Challenge 2013"]
[Site "Ballerup"]
[Date "2013.??.??"]
[Round "3"]
[White "Andersen, Rune Egede"]
[Black "Andersen, Kim Nyvang"]
[Result "0-1"]
[WhiteElo "2069"]
[BlackElo "2003"]
[PlyCount "66"]
[EventDate "2013.??.??"]
[EventType "swiss"]
[EventRounds "9"]
[EventCountry "DEN"]

1. e4 c5 2. c3 Nf6 3. e5 Nd5 4. d4 cxd4 5. Nf3 Nc6 6. cxd4 d6 7. Bc4 Nb6 8. Bb3
d5 9. Nh4 e6 10. Nf3 Be7 11. Nc3 a6 12. h4 Bd7 13. Rh3 h6 14. Rg3 Bf8 15. h5
Rc8 16. Kf1 Na7 17. Kg1 Nc4 18. Qe2 b5 19. Bc2 Qa5 20. Nd2 Nxd2 21. Bxd2 b4 22.
Bg6 fxg6 23. Nd1 Qb5 24. Qf3 g5 25. Qg4 Rc2 26. Bxg5 hxg5 27. Qxg5 Qe2 28. Qg6+
Kd8 29. Rf3 Qe1+ 30. Kh2 Qe4 31. Kg1 Qxg6 32. hxg6 Be8 33. Rg3 Nc6 0-1

[Event "Copenhagen Chess Challenge 2013"]
[Site "Ballerup"]
[Date "2013.??.??"]
[Round "3"]
[White "Skovgaard, Ib"]
[Black "Andreassen, Mikkel"]
[Result "1-0"]
[WhiteElo "2028"]
[BlackElo "1928"]
[PlyCount "43"]
[EventDate "2013.??.??"]
[EventType "swiss"]
[EventRounds "9"]
[EventCountry "DEN"]

1. e4 e5 2. Nf3 Nc6 3. c3 Nf6 4. d4 Nxe4 5. d5 Ne7 6. Nxe5 Ng6 7. Nxg6 hxg6 8.
Be3 Bd6 9. Nd2 Qe7 10. Qf3 Nf6 11. O-O-O c6 12. Bc4 Kd8 13. Rhe1 Qf8 14. dxc6
dxc6 15. Ne4 Nxe4 16. Qxe4 Bf5 17. Qf3 Kc7 18. Rxd6 Kxd6 19. Rd1+ Kc7 20. Bf4+
Kc8 21. Qxc6+ bxc6 22. Ba6# 1-0

[Event "Copenhagen Chess Challenge 2013"]
[Site "Ballerup"]
[Date "2013.??.??"]
[Round "3"]
[White "Frank Nielsen, Marie"]
[Black "Petrovski, Petruli"]
[Result "1-0"]
[WhiteElo "1984"]
[BlackElo "1858"]
[PlyCount "105"]
[EventDate "2013.??.??"]
[EventType "swiss"]
[EventRounds "9"]
[EventCountry "DEN"]

1. e4 c5 2. c3 d6 3. Nf3 Nf6 4. Be2 Nc6 5. d3 Bg4 6. O-O e6 7. Re1 Be7 8. Nbd2
O-O 9. h3 Bh5 10. Nf1 Bxf3 11. Bxf3 Qc7 12. Bf4 Qb6 13. Qd2 Rad8 14. Ne3 Qc7
15. Rac1 e5 16. Bg3 g6 17. Rf1 Rfe8 18. Kh1 Qd7 19. Rcd1 Kg7 20. Qc1 Rh8 21.
Bg4 Nxg4 22. Nxg4 h5 23. Ne3 Bg5 24. f4 exf4 25. Bxf4 Bh4 26. Nd5 Ne7 27. Ne3
f6 28. Qc2 g5 29. Bh2 g4 30. Nf5+ Nxf5 31. Rxf5 Bg5 32. Rdf1 Rde8 33. Qf2 gxh3
34. gxh3 h4 35. Rg1 Re6 36. Qf3 Kg6 37. Bf4 Rh5 38. Bc1 Qe7 39. Bf4 Kh6 40.
Bxg5+ fxg5 41. Rf1 Rg6 42. Rf8 Qg7 43. Rf7 Qe5 44. Rf8 Qg7 45. Qg4 Qe5 46. Qc8
Kh7 47. R1f7+ Rg7 48. Rf3 Kg6 49. Qd8 Kh7 50. Rh8+ Kg6 51. Rhf8 Kh7 52. R3f6
Re7 53. Rh8+ 1-0

[Event "Copenhagen Chess Challenge 2013"]
[Site "Ballerup"]
[Date "2013.??.??"]
[Round "3"]
[White "Marthedal, Anton Mehmet Yildiz"]
[Black "Tandrup, Michael"]
[Result "0-1"]
[WhiteElo "1574"]
[BlackElo "1977"]
[PlyCount "56"]
[EventDate "2013.??.??"]
[EventType "swiss"]
[EventRounds "9"]
[EventCountry "DEN"]

1. c4 c6 2. Nc3 d5 3. cxd5 cxd5 4. e3 Nf6 5. Nge2 e6 6. g3 Be7 7. Bg2 O-O 8.
O-O Nc6 9. d4 b6 10. a3 Na5 11. Nf4 Ba6 12. Re1 Rc8 13. e4 dxe4 14. Nxe4 Nxe4
15. Bxe4 Bb7 16. d5 exd5 17. Nxd5 Bf6 18. b4 Bxd5 19. Bg5 Bxg5 20. Qxd5 Qxd5
21. Bxd5 Nc4 22. Re4 b5 23. a4 Bf6 24. Ra2 Nb6 25. Bb3 bxa4 26. Bc2 a3 27. Bd3
Bb2 28. Rh4 g6 0-1

[Event "Copenhagen Chess Challenge 2013"]
[Site "Ballerup"]
[Date "2013.??.??"]
[Round "4"]
[White "Hector, Jonny"]
[Black "Bekker Jensen, Simon"]
[Result "1-0"]
[WhiteElo "2510"]
[BlackElo "2412"]
[PlyCount "35"]
[EventDate "2013.??.??"]
[EventType "swiss"]
[EventRounds "9"]
[EventCountry "DEN"]

1. e4 c5 2. Nf3 d6 3. d4 Nf6 4. Nc3 cxd4 5. Nxd4 a6 6. Bg5 Nbd7 7. f4 Qc7 8.
Qe2 h6 9. Bxf6 Nxf6 10. e5 dxe5 11. fxe5 Bg4 12. Qe3 Nd7 13. h3 Be6 14. O-O-O
g6 15. Nxe6 fxe6 16. Bd3 Nxe5 17. Rhf1 Bg7 18. Qxe5 1-0

[Event "Copenhagen Chess Challenge 2013"]
[Site "Ballerup"]
[Date "2013.??.??"]
[Round "4"]
[White "Englert, Fabian"]
[Black "Brynell, Stellan"]
[Result "1/2-1/2"]
[WhiteElo "2214"]
[BlackElo "2478"]
[PlyCount "43"]
[EventDate "2013.??.??"]
[EventType "swiss"]
[EventRounds "9"]
[EventCountry "DEN"]

1. e4 e6 2. Nf3 d5 3. Nc3 Nf6 4. e5 Nfd7 5. d4 c5 6. dxc5 Nc6 7. Bf4 Bxc5 8.
Bd3 f6 9. exf6 Qxf6 10. Bg3 O-O 11. O-O Nd4 12. Nxd4 Bxd4 13. Qe2 Nc5 14. Rae1
Bd7 15. Be5 Bxe5 16. Qxe5 Qxe5 17. Rxe5 Nxd3 18. cxd3 Rac8 19. f3 b5 20. Rf2 b4
21. Ne2 Bb5 22. Re3 1/2-1/2

[Event "Copenhagen Chess Challenge 2013"]
[Site "Ballerup"]
[Date "2013.??.??"]
[Round "4"]
[White "Georgiev, Vladimir"]
[Black "Westerinen, Heikki"]
[Result "1-0"]
[WhiteElo "2559"]
[BlackElo "2335"]
[PlyCount "61"]
[EventDate "2013.??.??"]
[EventType "swiss"]
[EventRounds "9"]
[EventCountry "DEN"]

1. d4 Nf6 2. c4 g6 3. Nc3 Bg7 4. e4 d6 5. h3 e5 6. d5 Nbd7 7. Bd3 Nc5 8. Bc2 a5
9. Nge2 c6 10. Bg5 h6 11. Be3 cxd5 12. exd5 Bf5 13. Bxf5 gxf5 14. Bxc5 dxc5 15.
Ng3 Qc8 16. Qa4+ Kf8 17. Qc2 f4 18. Nf5 Ra6 19. O-O-O Nd7 20. d6 Qd8 21. Ne4 a4
22. a3 Qe8 23. g4 Qe6 24. Rd5 b6 25. Nc3 Ra8 26. Re1 Bf6 27. Nb5 Bd8 28. Nc7
Bxc7 29. dxc7 Rc8 30. Qxa4 Rxc7 31. Rexe5 1-0